000
00326nam a22001337a 4500
020
_a
0-419-12900-6
082
_a
664.0282 CAN'W
100
_a
W, CAMING
_9
75315
245
_a
THE CANNING HANDBOOK SURFACE FINISHING TECHNOLOGY
250
_a
23RD
260
_a
NEWYORK
_b
W. CANNING
_c
1982
300
_a
XIV, 1094P
942
_c
BK
999
_c
580755
_d
580755